Reorganizaciones empresariales: normas tributarias, en los nuevos regímenes de tributación

Uloženo v:
Podrobná bibliografie
Hlavní autor: Salort Salort, Vicente E (Autor)
Médium: Kniha
Jazyk:španělština
Vydáno: Santiago Edig 2017
Vydání:1a. ed
Témata:
Tagy: Přidat tag
Žádné tagy, Buďte první, kdo vytvoří štítek k tomuto záznamu!

MARC

LEADER 00000cam a2200000 a 4500
001 UCC2160
003 CL-VaPUC
008 180114e20170000cl |||||||||||||||||spa|d
020 |a 9789569355295 
082 0 4 |a 346.078  |b SAL  |2 21 
100 0 |a Salort Salort, Vicente E  |e author  |9 596295 
245 1 0 |a Reorganizaciones empresariales: normas tributarias, en los nuevos regímenes de tributación 
250 |a 1a. ed 
300 |a 250 p 
942 |c BK 
945 |d 20180114 20:51:00  |a dcastane 
260 |a Santiago  |b Edig  |c 2017 
650 0 |a Tributos  |9 371831 
650 0 |a Derecho comercial   |9 256340 
650 0 |a Sociedades anónimas  |9 255387 
650 0 |a Reforma tributaria   |9 337444 
583 |a last modification  |c 20180114 20:51:00  |k Rodrigo Vera 
999 |c 370413  |d 370411 
952 |0 0  |1 0  |3 erb  |4 0  |6 346_078000000000000_SAL_2017  |7 0  |8 A  |9 486875  |a BIBGIM  |b BIBGIM  |i 5446368  |l 5  |m 7  |o 346.078 SAL 2017  |p 5446368  |r 2025-01-15  |s 2023-06-07  |w 2019-11-24  |y BK  |z Catalogado en:20180114  |k COM 
952 |0 0  |1 0  |3 erb  |4 0  |6 346_078000000000000_SAL_2017  |7 0  |8 A  |9 486876  |a BIBGIM  |b BIBGIM  |i 544635K  |l 3  |m 4  |o 346.078 SAL 2017  |p 544635K  |r 2025-01-15  |s 2021-11-02  |w 2019-11-24  |y BK  |z Catalogado en:20180114  |k COM 
952 |0 0  |1 0  |3 erb  |4 0  |6 346_078000000000000_SAL_2017  |7 0  |8 A  |9 486877  |a BIBGIM  |b BIBGIM  |i 5446341  |l 1  |o 346.078 SAL 2017  |p 5446341  |r 2025-01-15  |s 2020-03-05  |w 2019-11-24  |y BK  |z Catalogado en:20180114  |k COM 
952 |0 0  |1 0  |3 erb  |4 0  |6 346_078000000000000_SAL_2017  |7 0  |8 A  |9 486878  |a BIBGIM  |b BIBGIM  |i 5446333  |o 346.078 SAL 2017  |p 5446333  |r 2025-01-15  |w 2019-11-24  |y BK  |z Catalogado en:20180114  |k COM 
952 |0 0  |1 0  |3 erb  |4 0  |6 346_078000000000000_SAL_2017  |7 0  |8 A  |9 486879  |a BIBGIM  |b BIBGIM  |i 5446325  |o 346.078 SAL 2017  |p 5446325  |r 2025-01-15  |w 2019-11-24  |y BK  |z Catalogado en:20180114  |k COM 
952 |0 0  |1 0  |3 erb  |4 0  |6 346_078000000000000_SAL_2017  |7 0  |8 A  |9 486880  |a BIBGIM  |b BIBGIM  |i 5446317  |l 1  |m 4  |o 346.078 SAL 2017  |p 5446317  |q 2025-07-31  |r 2021-09-09  |s 2021-09-09  |w 2019-11-24  |y BK  |z Catalogado en:20180114  |k COM